Statistics for TA13OO - Denzel Curry

Click here to take the quiz!

General Stats

  • This quiz has been taken 17 times
  • The average score is 10 of 13

Answer Stats

Track #Answer% Correct
2BLACK BALLOONS | 13LACK 13ALLOONZ [FEAT. TWELVE'LEN & GOLDLINK | TWELVE'LEN + GOLDL1NK]
100%
1TABOO | TA13OO
94%
4SIRENS | Z1RENZ [FEAT. J.I.D | J.1.D]
88%
4SUMO | ZUMO
88%
5CLOUT COBAIN | CLOUT CO13A1N
81%
3VENGEANCE | VENGEANCE [FEAT. JPEGMAFIA & ZILLAKAMI | JPEGMAF1A + Z1LLAKAM1]
81%
4BLACK METAL TERRORIST | 13 M T
75%
3CASH MANIAC | CAZH MAN1AC [FEAT. NYYJERYA]
75%
2PERCS | PERCZ
75%
1SUPER SAIYAN SUPERMAN | ZUPER ZA1YAN ZUPERMAN
75%
1THE BLACKEST BALLOON | THE 13LACKEZT 13ALLOON
75%
3MAD I GOT IT | MAD 1 GOT 1T
56%
2SWITCH IT UP | ZWITCH 1T UP
56%

Score Distribution

Percentile by Number Answered

Percent of People with Each Score

Your Score History

You have not taken this quiz